000 00559nam a2200169 i 4500
001 66240
003 ES-MaACL
005 20230906165557.0
007 t|
008 040129s1918 sp ||||1| spa d
100 1 _aGalbis y Rodríguez, José.
_953343
245 1 0 _aDeterminaciones relativas de la intensidad de la gravedad /
_cpor José Galbis y Rodríguez.
260 _aMadrid :
_b[s.n.],
_c1918 (
_fTalls. del Instituto Geográfico y Estadístico)
300 _a133 p., 19 lám. ;
_c26 cm.
650 4 _aGravedad.
_9150860
852 _aES-MaACL
_j1566-F-11
999 _c66240
_d66240